Представление документа в формате MARC21

Поле Инд. ПП Название Значение
Тип записи a
Библиографический уровень m
001 Контрольный номер 9bdcfab8-dc22-46ca-a657-028d0c0eb924
005 Дата корректировки 20161212110327.5
008 Кодируемые данные 080128
020 a ISBN 5-91129-019-7
c Цена, тираж 150.00
040 a Служба первич. каталог. НБ ТвГУ
041 0_ a Код языка текста rus
h Код языка оригинала eng
080 a Индекс УДК 338(091)
084 a Индекс другой классификации/Индекс ББК У03(0)5
090 x Авторский знак А84
a Полочн. индекс У03(0)5
100 1_ a Автор Арриги Джованни
245 10 a Заглавие Долгий двадцатый век
b Продолж. заглавия деньги, власть и истоки нашего времени
c Ответственность Джованни Арриги ; пер. с англ. А. Смирнова и Н. Эдельмана
260 0_ a Место издания Москва
b Издательство Территория будущего
c Дата издания 2006
300 a Объем 469, [1] с.
b Иллюстрации/ тип воспроизводства ил.
440 _0 a Серия Университетская библиотека Александра Погорельского
a Серия Социология. Политология
504 a Библиография Библиогр.в конце кн.
583 a Действие Получение впервые 7 25.01.2008
k Исполнитель действия Дар ООО "Проджект"
650 04 a Основная рубрика Экономическая история
y Хронологическая подрубрика 20 в.
653 0_ a Ключевые слова Экономическая история
a Ключевые слова История экономической мысли
a Ключевые слова Накопление капитала
a Ключевые слова Капитализм
a Ключевые слова Рыночная экономика
700 1_ a Другие авторы Смирнов А.
e Роль лиц пер.
700 1_ a Другие авторы Эдельман Н.
e Роль лиц пер.
700 1_ a Другие авторы Анашвили В. В.
e Роль лиц сост. сер.
700 1_ a Другие авторы Погорельский А. Л.
e Роль лиц сост. сер.
852 41 t Порядковый номер экземпляра 1
p Инвентарный номер 901907
863 t 00211655
888 a Бесплатные
952 p 7.2008 150.00 1 901907
c Вид литературы К рн
954 a Дата поступления на обработку 20080305
999 a Подразделение 2 ч.з.